000 01396nas1a22002651i 4500
001 RU\NLR\Per\638395
005 20240921132100.0
035 _a(NLR Aleph) 002888201
090 _a3339986
_c3339986
100 _a20091026a20069999|||y0rusy50 ca
101 0 _arus
102 _aRU
110 _azu|||||||||
200 1 _aОренбургский славянский базар
_eОренбургская старина
_eисторико-краеведческий журнал
_eдля тех кто любит свой край
210 _aОренбург
_c[б. и.]
_d2009 -
515 1 _aСлавянский базар
517 1 _aОренбургская старина
606 1 _aКраеведение историческое
_jПериодические издания
_yОренбургская область
_92497908
_3RU\NLR\AUTH\661481707
686 1 _aТ3(2Р-4Ор)я54
852 _aNLR
_jП23/7710
942 _cSE
980 _aRUSPER